000 00411nam a2200145 a 4500
001 000041864
005 20201002035811.0
008 131018s1980 dr 000 j spa d
040 _aDO-SdBNP
_bspa
_cBNPHU
082 _axxx
_bxxxx
100 1 _aLapeyre, Manuel
_968751
245 1 0 _aUruguay pa´todo el mundo. /
_cManuel Lapeyre.
260 _aSanto Domingo, :
_bAlfa & Omega,
_c1980.
300 _a112 p. ;
_c17 cm.
999 _c41353
_d41353